000 00458nam a2200157 4500
005 20260507122250.0
008 260507b |||||||| |||| 00| 0 eng d
020 _a9781138020917
082 _a378.1
_bWIL-D
100 _aWilliam Kemberly M.
245 _aDoing Research To Improve Teaching And Learning
_bA Guide For College And University Faculty
260 _aNew York
_bRoutledge Publishers
300 _a225p
650 _aEducation
942 _cBK
999 _c47552
_d47552